000 00636nam a2200205Ii 4500
003 JO-AjNU
008 230606s9999||||xx |||||||||||||| ||und||
020 _a978-3-659-92609-9
040 _aJO-AjNU
_beng
_erda
_cJO-AjNU
041 _aeng
050 1 4 _aTK5105.55 2016
100 3 _aPardeshi, Shailendra,
_eauthor
_96715
245 0 0 _aDesign & Implementation of Network protocol Analyzer: Network security
264 3 1 _aUSA:LAP LAMBERT Academic Publishing, 2016
300 _a65p
336 _atext
_btxt
_2rdacontent
337 _aunmediated
_bn
_2rdamedia
338 _avolume
_bnc
_2rdacarrier
650 4 _aNetwork security
_96716
999 _aE3488
_c3481
_d3481